| 000 | 01224nam a2200265Ia 4500 | ||
|---|---|---|---|
| 999 |
_c36832 _d36832 |
||
| 001 | 2775 | ||
| 003 | GE_BSU | ||
| 005 | 20190423161711.0 | ||
| 008 | 181216s2000|||| |||||||||||||| ||geo|| | ||
| 020 | _a9992859512 | ||
| 040 | _cGE_BSU | ||
| 041 | _ageo | ||
| 080 | _a330.1(075.8) მ–56 | ||
| 100 |
_aმენქიუ, გრეგორი _9392 |
||
| 245 |
_aეკონომიკის პრინციპები = Principles of economis / _cგრეგგორეი მენქიუ , მთარგმნ . : ნოდარ მანჩხაშვილი ; რედ. : ლეილა ბერიაშვილი |
||
| 250 | _a1– ლი ქართ. გამოც. | ||
| 264 |
_aთბილისი : _bდიოგენე , _c2000. |
||
| 300 |
_a1064 გვ : _c20 სმ. |
||
| 440 |
_aXXI საუკუნის სახელმძღვანელო _9393 |
||
| 541 | _h20 ლ. | ||
| 653 | _aეკონომიკის თეორია. | ||
| 700 |
_aმანჩხაშვილი, ნოდარ _eმთარგმნელი _9394 |
||
| 700 |
_aბერიაშვილი, ლეილა _eრედაქტორი _9395 |
||
| 942 |
_cBK _2udc |
||